1976 1853 1752 1320 1341 1568 1712 1655 1335 1582 1878 1660 1645 1407 1625 1156 1031 1412 1782 1594 1348 1754 1812 1984 1554 1290 1543 1069 1073 1286 1304 1299 1452 1119 1443 1357 1875 1851 1519 1834 1400 1505 1074 1132 1052 1847 1861 1692 1856 1546 1525 1090 1013 1086 1775 1607 1043 1118 1688 1266 1669 1096 1258 1842 1600 1413 1290 1524 1444 1837 1530 1393 1555 1692 1762 1983 1070 1960 1867 1442 1188 1591 1359 1783 1726 1020 1062 1829 1926 1861 1478 1118 1922 1877 1880 1255 1175 1547 1962 BCNSPRNW ULIB Ver.6.0+V

เปลี่ยนเป็นภาษาไทย

Change to English
 แสดงรายละเอียดบรรณานุกรม
  กลับหน้าหลัก

Brief Record : Get Marc (ISO 2709) : E-mail record : QR code < ปิดหน้าต่าง
LEADER : 00000nam 2200000uu 4500
001    13399111038
003     ULIB
008    110615s2547||||th 000 0 tha d
020    974971203X
050  4 BF38.5^bม576จ 2547
100 0  มัลลิกา คณานุรักษ์
245 10 จิตวิทยาการสื่อสารของมนุษย์ /^cมัลลิกา คณานุรักษ์
250    พิมพ์ครั้งที่ 1
260    กรุงเทพฯ :^bโอเดียนสโตร์,^c2547
300    266 หน้า :^bภาพประกอบ ;^c24 ซม.
650  7 การสื่อสาร^xแง่จิตวิทยา
650  7 การสื่อสารระหว่างบุคคล^xแง่จิตวิทยา
945    ^p180^l0^i016987
945    ^p180^l0^i031690
945    ^p180^l0^i031691
995    ทศพร
999 ^a ใช้งานได้ทุกระบบ
รายการนี้ยังไม่มีแท็ก
คุณยังไม่ได้ล็อกอิน คุณสามารถมีกิจกรรมร่วมกับเว็บไซต์ได้ แต่ต้องล็อกอินก่อน ::
  ล็อกอิน

รายการสื่อสารสนเทศ

ลำดับที่ ประเภท เลขเรียก/บาร์โค้ด สถานที่ สถานะ
- ไม่พบข้อมูล -

รายการใกล้เคียง
    ผู้แต่ง [มัลลิกา คณานุรักษ์]

BibComment


ยังไม่เคยถูกคอมเมนท์

คอมเมนท์ทรัพยากรรายการนี้
  คอมเมนท์: จิตวิทยาการสื่อสา..


 Copyright 2026. Bcnsprnw @Library